000 00452nam a2200181Ia 4500
001 17157
005 20260306170404.0
008 260306t2003||||xx |||||||||||||| ||und||
041 _aESP
082 _a657.48
_bD49 2003
100 _aEl Río González, Cristóbal
_eAUT
245 0 _aEl presupuesto
260 _c2003
300 _ai32 : ii81 : iii67 : iv87 : v26 : vi19 : vii5
_c
650 _aGEN
654 _aCCO
942 _cLIB
_dJUS
_fJUS
_2ddc
_n
999 _c17157
_d17157